Normal view
MARC view
- Torra, Vicenç
Entry Personal Name
001 - CONTROL NUMBER
- control field: 94873
003 - CONTROL NUMBER IDENTIFIER
- control field: NUST
005 - DATE AND TIME OF LATEST TRANSACTION
- control field: 20220725120540.0
008 - FIXED-LENGTH DATA ELEMENTS
- fixed length control field: 220725|| aca||aabn | a|a d
040 ## - CATALOGING SOURCE
- Original cataloging agency: NUST
- Transcribing agency: NUST
100 ## - HEADING--PERSONAL NAME
- Personal name: Torra, Vicenç
670 ## - SOURCE DATA FOUND
- Source citation: Work cat.: (NUST)0: Data Science in Practice /
